| 000 | 00486nam a22001457a 4500 | ||
|---|---|---|---|
| 027 | _qHard Cover. | ||
| 040 | _cSINES-NUST. | ||
| 082 |
_a620.0011 _bTar |
||
| 100 |
_aHassan Bin Tariq. _992053 |
||
| 245 |
_aSurrogate Modeling and Multi-Objective Optimization of Chine Forebody for Aerodynamics and Stealth Characteristics / _cBin Tariq, Hassan |
||
| 260 |
_aIslamabad: _bSINES-NUST, _c2022. |
||
| 300 |
_a60 p. : _bill. ; _c30cm. |
||
| 650 | _2MS-System Engineering. | ||
| 942 |
_2ddc _cTHE |
||
| 999 |
_c590147 _d590147 |
||